ਬਾਬਾ ਸ਼ੇਖ਼ ਫਰੀਦ : (Record no. 111006)

MARC details
000 -LEADER
fixed length control field 01194nam a22002537a 4500
010 ## - LIBRARY OF CONGRESS CONTROL NUMBER
LC control number B-210008
020 ## - INTERNATIONAL STANDARD BOOK NUMBER
Terms of availability 200.00
035 ## - SYSTEM CONTROL NUMBER
System control number B-210008
037 ## - SOURCE OF ACQUISITION
Stock number Cen Lib / Ret
040 ## - CATALOGING SOURCE
Original cataloging agency DPL
Language of cataloging PN
082 ## - DEWEY DECIMAL CLASSIFICATION NUMBER
Edition number 250.35
Classification number ਸਿੰਗਲ
100 ## - MAIN ENTRY--PERSONAL NAME
Personal name ਸਿੰਗਲ, ਧਰਮਪਾਲ
9 (RLIN) 132718
245 ## - TITLE STATEMENT
Title ਬਾਬਾ ਸ਼ੇਖ਼ ਫਰੀਦ :
Statement of responsibility, etc ਧਰਮਪਾਲ ਸਿੰਗਲ [ਅਤੇ ] ਬਲਦੇਵ ਸਿੰਘ ਬੰਦਨਂ /
Remainder of title ਜੀਵਨ ਤੇ ਰਚਨਾ /
246 ## - VARYING FORM OF TITLE
Title proper/short title Baba sheikh farid : jiwan te rachna : (Literary Criticism) /
Remainder of title by Dharampal Singhal [and] Baldev Singh Baddan
260 ## - PUBLICATION, DISTRIBUTION, ETC. (IMPRINT)
Place of publication, distribution, etc ਦਿੱਲੀ
Name of publisher, distributor, etc ਸਿਲਾਲੇਖ
Date of publication, distribution, etc 2006
270 ## - ADDRESS
Address ੪/੩੨ ਸੁਭਾਸ਼ ਗਾਲੀ ਵਿਸ਼ਵਾਸ ਨਗਰ ਸ਼ਹਾਦਰ ਦਿੱਲੀ
City ਦਿੱਲੀ
Postal code 110051
300 ## - PHYSICAL DESCRIPTION
Extent 136p
Other physical details 24cm
650 ## - SUBJECT ADDED ENTRY--TOPICAL TERM
Topical term or geographic name as entry element literary criticism
9 (RLIN) 23292
650 ## - SUBJECT ADDED ENTRY--TOPICAL TERM
Topical term or geographic name as entry element ਸਾਹਿਤਕ ਆਲੋਚਨਾ
9 (RLIN) 132719
650 ## - SUBJECT ADDED ENTRY--TOPICAL TERM
Topical term or geographic name as entry element ਸਿੱਖ ਫ਼ਲਸਫ਼ੇ.
9 (RLIN) 132720
650 ## - SUBJECT ADDED ENTRY--TOPICAL TERM
Topical term or geographic name as entry element Sikh philosophy.
9 (RLIN) 12954
700 ## - ADDED ENTRY--PERSONAL NAME
Personal name ਬਲਦੇਵ ਸਿੰਘ ਬੰਦਨਂ
9 (RLIN) 9532
942 ## - ADDED ENTRY ELEMENTS (KOHA)
Source of classification or shelving scheme Dewey Decimal Classification
Koha item type Punjabi Bks
Classification part 250.35
Call number suffix ਸਿੰਗਲ
Holdings
Withdrawn status Lost status Damaged status Not for loan Home library Current library Date acquired Source of acquisition Cost, normal purchase price Total Checkouts Full call number Barcode Date last seen Copy number Cost, replacement price Price effective from Koha item type
        Central Library Central Library 11/02/2016 Cen Lib/Ret 200.00   250.35 ਸਿੰਗਲ B-210008 11/02/2016 1 200.00 11/02/2016 Punjabi Bks

© Delhi Public Library
Hit Counter
free hit counter